<?xml version="1.0" encoding="UTF-8"?>
<record
    xmlns:xsi="http://www.w3.org/2001/XMLSchema-instance"
    xsi:schemaLocation="http://www.loc.gov/MARC21/slim http://www.loc.gov/standards/marcxml/schema/MARC21slim.xsd"
    xmlns="http://www.loc.gov/MARC21/slim">

  <leader>03802nam a2200481 i 4500</leader>
  <controlfield tag="001">52267</controlfield>
  <controlfield tag="003">FINmELB</controlfield>
  <controlfield tag="005">20241216232359.0</controlfield>
  <controlfield tag="006">m     o  u        </controlfield>
  <controlfield tag="007">cr cn|||||||||</controlfield>
  <controlfield tag="008">211013s2008    ag      ob    000 0 spa d</controlfield>
  <datafield tag="020" ind1=" " ind2=" ">
    <subfield code="z">9789871305407</subfield>
  </datafield>
  <datafield tag="035" ind1=" " ind2=" ">
    <subfield code="a">(OCoLC)1280140455</subfield>
  </datafield>
  <datafield tag="040" ind1=" " ind2=" ">
    <subfield code="a">FINmELB</subfield>
    <subfield code="b">spa</subfield>
    <subfield code="e">rda</subfield>
    <subfield code="c">FINmELB</subfield>
  </datafield>
  <datafield tag="050" ind1=" " ind2="4">
    <subfield code="a">ZA3075</subfield>
    <subfield code="b">.S258 2008</subfield>
  </datafield>
  <datafield tag="080" ind1=" " ind2=" ">
    <subfield code="a">02</subfield>
  </datafield>
  <datafield tag="082" ind1="0" ind2="4">
    <subfield code="a">025.524</subfield>
    <subfield code="2">23</subfield>
  </datafield>
  <datafield tag="100" ind1="1" ind2=" ">
    <subfield code="a">Salvador Oliv&#xE1;n, Jos&#xE9; Antonio,</subfield>
    <subfield code="e">autor.</subfield>
  </datafield>
  <datafield tag="245" ind1="1" ind2="0">
    <subfield code="a">Recuperaci&#xF3;n de la informaci&#xF3;n /</subfield>
    <subfield code="c">Jos&#xE9; A. Salvador Oliv&#xE1;n.</subfield>
  </datafield>
  <datafield tag="264" ind1=" " ind2="1">
    <subfield code="a">Ciudad Aut&#xF3;noma de Buenos Aires :</subfield>
    <subfield code="b">Alfagrama Ediciones,</subfield>
    <subfield code="c">2008.</subfield>
  </datafield>
  <datafield tag="300" ind1=" " ind2=" ">
    <subfield code="a">1 recurso en l&#xED;nea (222 p&#xE1;ginas)</subfield>
  </datafield>
  <datafield tag="336" ind1=" " ind2=" ">
    <subfield code="a">texto</subfield>
    <subfield code="b">txt</subfield>
    <subfield code="2">rdacontent/spa</subfield>
  </datafield>
  <datafield tag="337" ind1=" " ind2=" ">
    <subfield code="a">computadora</subfield>
    <subfield code="b">c</subfield>
    <subfield code="2">rdamedia/spa</subfield>
  </datafield>
  <datafield tag="338" ind1=" " ind2=" ">
    <subfield code="a">recurso en l&#xED;nea</subfield>
    <subfield code="b">cr</subfield>
    <subfield code="2">rdacarrier/spa</subfield>
  </datafield>
  <datafield tag="490" ind1="1" ind2=" ">
    <subfield code="a">Biblioteca Alfagrama</subfield>
  </datafield>
  <datafield tag="504" ind1=" " ind2=" ">
    <subfield code="a">Incluye referencias bibliogr&#xE1;ficas.</subfield>
  </datafield>
  <datafield tag="520" ind1=" " ind2=" ">
    <subfield code="a">Este libro trata de poner orden en el complejo panorama que ofrece la Recuperaci&#xF3;n de la Informaci&#xF3;n (Rl), como resultado de su origen, historia y evoluci&#xF3;n en los que han estado presentes diferentes disciplinas acad&#xE9;micas. Para lograr este objetivo se parte de un an&#xE1;lisis de los diferentes conceptos que de la Rl proporcionan m&#xE1;ximas autoridades del tema para presentar una visi&#xF3;n global y sus caracter&#xED;sticas m&#xE1;s importantes; contin&#xFA;a con su historia y desarrollo destacando los hitos m&#xE1;s significativos; y finaliza con un an&#xE1;lisis de relaciones de la Rl con la Inform&#xE1;tica, la Ciencia de la Informaci&#xF3;n y la Documentaci&#xF3;n para establecer sus fronteras y enfocar la Rl en el marco de la Documentaci&#xF3;n, determinando su identidad y clarificando el papel que desempe&#xF1;a el profesional de la informaci&#xF3;n y documentaci&#xF3;n. La obra contin&#xFA;a con dos partes dedicadas, la primera, a la ense&#xF1;anza de esta disciplina y su importancia no s&#xF3;lo en los estudios de informaci&#xF3;n y documentaci&#xF3;n sino en la formaci&#xF3;n de cualquier usuario en la sociedad actual; la segunda, a destacar las caracter&#xED;sticas y problemas de los principales paradigmas de investigaci&#xF3;n, finalizando con un an&#xE1;lisis de las principales fuentes de informaci&#xF3;n que pueden resultar de utilidad para el profesional de la documentaci&#xF3;n. La intenci&#xF3;n del autor es que este libro sirva para reconocer que la Rl es una disciplina que no s&#xF3;lo se ocupa de la representaci&#xF3;n, organizaci&#xF3;n y almacenamiento de la informaci&#xF3;n en un sistema, sino tambi&#xE9;n de la b&#xFA;squeda y que por historia, tradici&#xF3;n y actualidad ha sido, y sigue siendo, una actividad desempe&#xF1;ada por profesionales de la documentaci&#xF3;n y, por consiguiente, constituye una disciplina propia de la Documentaci&#xF3;n. No cabe duda de que este libro puede ser muy &#xFA;til, no s&#xF3;lo a los estudiantes y profesionales de informaci&#xF3;n y documentaci&#xF3;n, sino tambi&#xE9;n a aquellos procedentes de otras disciplinas que quieran disponer de una visi&#xF3;n completa y actual de la Rl.</subfield>
  </datafield>
  <datafield tag="588" ind1=" " ind2=" ">
    <subfield code="a">Descripci&#xF3;n basada en metadatos suministrados por el editor y otras fuentes.</subfield>
  </datafield>
  <datafield tag="590" ind1=" " ind2=" ">
    <subfield code="a">Recurso electr&#xF3;nico. Santa Fe, Arg.: elibro, 2021. Disponible v&#xED;a World Wide Web. El acceso puede estar limitado para las bibliotecas afiliadas a elibro.</subfield>
  </datafield>
  <datafield tag="650" ind1=" " ind2="0">
    <subfield code="a">Information retrieval.</subfield>
  </datafield>
  <datafield tag="650" ind1=" " ind2="4">
    <subfield code="a">Servicios de consulta.</subfield>
  </datafield>
  <datafield tag="650" ind1=" " ind2="4">
    <subfield code="a">Biblioteconom&#xED;a.</subfield>
  </datafield>
  <datafield tag="650" ind1=" " ind2="4">
    <subfield code="a">B&#xFA;squeda y recuperaci&#xF3;n de la informaci&#xF3;n.</subfield>
  </datafield>
  <datafield tag="650" ind1=" " ind2="0">
    <subfield code="a">Information science.</subfield>
  </datafield>
  <datafield tag="650" ind1=" " ind2="0">
    <subfield code="a">References services (Libraries)</subfield>
  </datafield>
  <datafield tag="655" ind1=" " ind2="4">
    <subfield code="a">Libros electr&#xF3;nicos.</subfield>
  </datafield>
  <datafield tag="797" ind1="2" ind2=" ">
    <subfield code="a">elibro, Corp.</subfield>
  </datafield>
  <datafield tag="830" ind1=" " ind2="0">
    <subfield code="a">Biblioteca Alfagrama.</subfield>
  </datafield>
  <datafield tag="856" ind1="4" ind2="0">
    <subfield code="u">https://elibro.net/ereader/politecnicointernacional/188013</subfield>
  </datafield>
  <datafield tag="999" ind1=" " ind2=" ">
    <subfield code="c">52267</subfield>
    <subfield code="d">52267</subfield>
  </datafield>
</record>
